00680nam a2200145Ia 4500003000900000005001700009008004100026040002800067110006300095245017400158260008000332300004700412504002400459650005100483DO-SdBJH20180416174754.0180414s9999 dr 000 0 spa d aDO-SdBJHbspacDO-SdBJH aInstituto de Cooperación para la Seguridad Hemisférica10aFM 25-101 Adistramiento enfocado en la batalla, soldados, jefes y unidades del batallón y la compañía / Instituto de Cooperación para la Seguridad Hemisférica aFuerte Benning, Georgia : Cuartel General Secretaría del Ejército, 1990 aviii, 186 páginas en varias paginaciones aIncluye apéndices 4aAdiestramiento -- Batallas -- Soldados y jefes